| 000 | 00867nam a22001937a 4500 | ||
|---|---|---|---|
| 008 | 100131t xxu||||| |||| 00| 0 eng d | ||
| 020 | _a0130830003 | ||
| 082 |
_222 _a005.71 _bPAN |
||
| 100 |
_910753 _aPanko, Raymond R. |
||
| 245 |
_aInstructor's Manual with Test Questions Business Data Communications and Networking : _bA Modular Approach/ _c Raymond R. Panko. |
||
| 250 | _a2nd ed. | ||
| 260 |
_aUpper Saddle River, N.J. : _b Prentice-Hall, 1999 _c1999 |
||
| 300 |
_a101 p.; _c28 cm. |
||
| 650 |
_910754 _aComputer networks _x-- Management -- Study guides. |
||
| 650 |
_910755 _aData transmission systems _x-- Study guides. |
||
| 650 |
_910756 _aBusiness enterprises _x-- Computer networks -- Study guides |
||
| 942 |
_2ddc _cBB |
||
| 999 |
_c13231 _d13231 |
||